| 000 | 00936nam a2200289 a 4500 | ||
|---|---|---|---|
| 008 | |||
| 020 | _a0721644864 (paperback) | ||
| 040 |
_aNUST _cNUST |
||
| 049 | _aMAIN | ||
| 090 |
_aRT82.8 _bCLI |
||
| 245 | 1 | 0 |
_aThe Clinical nurse specialist in theory and practice/ _cedited by Ann B Hamric & Judith A Spross. |
| 250 | _aSecond edition. | ||
| 260 |
_aPhiladelphia, PA : _bW.B Saunders, _c1989. |
||
| 300 |
_axiii, 466 pages : _billustrations ; _c23 cm. |
||
| 336 |
_atext _btxt _2rdacontent |
||
| 337 |
_aunmediated _bn _2rdamedia |
||
| 338 |
_avolume _bnc _2rdacarrier |
||
| 500 | _aIncludes index. | ||
| 504 | _aIncludes bibliographical references. | ||
| 650 | 1 | _aNurse practitioners. | |
| 700 |
_aHamric, Ann B., _aeditor. |
||
| 700 |
_aSpross, Judith., _aeditor. |
||
| 907 |
_a.b10410363 _b01-10-21 _c01-10-21 |
||
| 003 | |||
| 005 | 20230120204321.0 | ||
| 942 |
_cBOOKS _kRT82.8 _mCLI |
||
| 999 |
_c121055 _d121055 |
||